[Event "15th ECC Gp 4"]
[Site "Eupen BEL"]
[Date "1999.10.08"]
[Round "1"]
[White "Savic, Mio1"]
[Black "Varga, P."]
[Result "0-1"]
[WhiteElo "2434"]
[BlackElo "2491"]
[PlyCount "112"]
[EventDate "1999.10.08"]

1. e4 c5 2. Nf3 d6 3. Bb5+ Nd7 4. O-O Ngf6 5. Re1 a6 6. Bxd7+ Bxd7 7. h3 e6 8.
d3 Be7 9. Nbd2 O-O 10. Nf1 Rc8 11. c3 Bc6 12. Ng3 b5 13. Qe2 Rc7 14. Nh2 Ne8
15. Ng4 Kh8 16. Nh5 g6 17. Ng3 f5 18. exf5 exf5 19. Nh2 Bf6 20. Bh6 Ng7 21. Qd2
Re8 22. d4 cxd4 23. cxd4 Qa8 24. Rxe8+ Nxe8 25. Re1 Re7 26. Rxe7 Bxe7 27. Qe3
Bf6 28. Ne2 Qd8 29. Qc3 Bb7 30. Nf4 Qe7 31. Nf3 Kg8 32. Qb3+ Qf7 33. d5 Nc7 34.
Bg5 Nxd5 35. Nxd5 Bxg5 36. Nxg5 Qxd5 37. Qg3 f4 38. Qg4 h5 39. Qe6+ Qxe6 40.
Nxe6 f3 41. gxf3 Bxf3 42. a3 h4 43. b4 Bd5 44. Nc7 Bc4 45. Ne8 Kf8 46. Nf6 Ke7
47. Ne4 Ke6 48. f3 Bd5 49. Nd2 Ke5 50. Kf2 Kf4 51. Ke2 g5 52. Kf2 Bc6 53. Ke2
Kg3 54. Nf1+ Kxh3 55. Ne3 Kg3 56. Nf5+ Kg2 0-1

[Event "15th ECC Gp 4"]
[Site "Eupen BEL"]
[Date "1999.10.09"]
[Round "2"]
[White "Atlas, V."]
[Black "Zontakh, A."]
[Result "1/2-1/2"]
[WhiteElo "2470"]
[BlackElo "2535"]
[PlyCount "76"]
[EventDate "1999.10.08"]

1. e4 c5 2. Nf3 Nc6 3. Nc3 d6 4. d4 cxd4 5. Nxd4 Nf6 6. g3 g6 7. Nde2 Bg7 8.
Bg2 O-O 9. O-O Rb8 10. a4 a6 11. Nd5 b5 12. axb5 axb5 13. Be3 b4 14. Nd4 Nxd4
15. Bxd4 Nxd5 16. exd5 Bxd4 17. Qxd4 Bf5 18. Be4 Bxe4 19. Qxe4 Qd7 20. b3 Rfc8
21. Rfe1 Rc7 22. Re2 Qf5 23. Qxf5 gxf5 24. Kf1 Kg7 25. Ke1 Kf6 26. f4 Rb5 27.
Rd2 Rcc5 28. Ra4 h5 29. Ke2 Rc3 30. Kd1 Rcc5 31. Rd4 Rxd5 32. Raxb4 Rxb4 33.
Rxd5 h4 34. Ke2 Ke6 35. Ra5 Re4+ 36. Kf2 Rd4 37. Ke2 Re4+ 38. Kf2 Rd4 1/2-1/2